|
|
|
|
| LEADER |
00000nam a2200000Ii 4500 |
| 001 |
DIGOLEJNK1115 |
| 003 |
NyNyDIG |
| 006 |
m o d |
| 007 |
cr ||||||||||| |
| 008 |
221112s2017 cl ob 000 0 spa d |
| 035 |
|
|
|a (OCoLC)1352724520
|
| 040 |
|
|
|a DGITA
|b eng
|e rda
|e pn
|c DGITA
|
| 020 |
|
|
|z 9789567799596
|
| 041 |
1 |
|
|a spa
|h eng
|
| 050 |
1 |
4 |
|a K150 ebook
|
| 100 |
1 |
|
|a Fuller, Lon L.
|q (Lon Luvois),
|d 1902-1978,
|e author.
|
| 240 |
1 |
0 |
|a Anatomy of the law.
|l Spanish
|s (Castro)
|
| 245 |
1 |
0 |
|a Anatomía del derecho /
|c Lon Fuller ; presentación, Luis Ricardo Valderrama Valderrama ; estudio introductorio, Alejandra Sofía Requena Frías ; edición al cuidado de Elder Antonio Calderón Trujillo, Benigno Choque Cuenca ; versión castellana, Luis Castro.
|
| 264 |
|
1 |
|a Santiago, Chile :
|b Ediciones Olejnik,
|c [2017]
|
| 300 |
|
|
|a 1 online resource.
|
| 336 |
|
|
|a text
|b txt
|2 rdacontent
|
| 337 |
|
|
|a computer
|b c
|2 rdamedia
|
| 338 |
|
|
|a online resource
|b cr
|2 rdacarrier
|
| 347 |
|
|
|a text file
|2 rdaft
|
| 347 |
|
|
|b PDF
|
| 490 |
1 |
|
|a Biblioteca de filosofía del derecho
|
| 504 |
|
|
|a Includes bibliographical references.
|
| 588 |
0 |
|
|a Online resource; title from PDF title page (Digitalia, viewed November 12, 2022)
|
| 650 |
|
0 |
|a Law
|x History.
|
| 655 |
|
0 |
|a Electronic books.
|
| 700 |
1 |
|
|a Valderrama Valderrama, Luis Ricardo,
|e contributor agent of text.
|
| 700 |
1 |
|
|a Requena Frías, Alejandra Sofía,
|e contributor agent of text.
|
| 700 |
1 |
|
|a Calderón Trujillo, Elder Antonio,
|e editor.
|
| 700 |
1 |
|
|a Choque Cuenca, Benigno,
|e editor.
|
| 700 |
1 |
|
|a Castro, L.
|c (Translator),
|e translator.
|
| 700 |
1 |
|
|i Translation of:
|a Fuller, Lon L.
|q (Lon Luvois),
|d 1902-1978.
|t Anatomy of the law.
|
| 791 |
2 |
|
|a Digitalia (Firm),
|e distributor.
|
| 793 |
0 |
|
|g Digitalia eBook Collection:
|a Ediciones Olejnik
|
| 776 |
0 |
8 |
|i Print version:
|a Fuller, Lon L. (Lon Luvois), 1902-1978.
|s Anatomy of the law. Spanish (Castro).
|t Anatomía del derecho.
|d Santiago, Chile : Ediciones Olejnik, 2017
|z 9789567799596
|
| 830 |
|
0 |
|a Biblioteca de filosofía del derecho.
|
| 856 |
4 |
0 |
|3 Digitalia Hispánica
|u https://www.digitaliapublishing.com/a/105265/
|
| 910 |
|
|
|a Premium collection: 2022
|